Music Quiz

Random Music or Taylor Swift Quiz

Taylor Swift songs Quiz Stats

 Plays Quiz not verified by Sporcle

Also try: One Named Bands
Challenge
Share
Tweet
Embed
Score 0/74 Timer 10:00
0 Plays Today
Album Song name % Correct
Speak NowMine
91.7%
Speak NowSpeak Now
91.2%
Speak NowBack to December
86.2%
Speak NowMean
84.3%
Speak NowEnchanted
82.5%
Speak NowHaunted
82.5%
Speak NowSparks Fly
80.6%
Speak NowStory of Us
80.2%
FearlessFearless
78.8%
Speak Now (Target Deluxe Edition)Ours
77.9%
Speak NowNever Grow Up
77%
Speak NowDear John
77%
Speak NowBetter Than Revenge
76.5%
Speak NowLong Live
74.7%
Speak NowInnocent
73.3%
Speak NowLast Kiss
73.3%
FearlessLove Story
72.8%
FearlessFifteen
69.6%
FearlessWhite Horse
69.1%
FearlessForever & Always
65.9%
Speak Now (Target Deluxe Edition)Superman
65.4%
Speak Now (Target Deluxe Edition)If This Was a Movie
64.1%
Valentine's Day SoundtrackToday Was a Fairytale
64.1%
FearlessHey Stephen
63.6%
FearlessChange
61.3%
Taylor SwiftTeardrops on My Guitar
61.3%
Fearless (Platinum Edition)Jump Then Fall
60.8%
Hannah Montana: Movie SoundtrackCrazier
60.8%
Taylor SwiftTim McGraw
57.6%
Taylor SwiftOur Song
57.1%
Taylor SwiftPicture to Burn
56.7%
FearlessBreathe
56.2%
FearlessTell Me Why
54.4%
FearlessThe Best Day
53.9%
FearlessThe Way I Loved You
51.6%
Taylor SwiftShould've Said No
49.8%
(Unreleased)I'd Lie
48.8%
Album Song name % Correct
Fearless (Platinum Edition)The Other Side of The Door
48.4%
Fearless (Platinum Edition)Come In With The Rain
48.4%
Fearless (Platinum Edition)Superstar
47.9%
Fearless (Platinum Edition)Untouchable
47.5%
Taylor SwiftCold As You
46.1%
Taylor SwiftTied Together With A Smile
46.1%
Taylor Swift (Deluxe Edition)I'm Only Me When I'm With You
45.2%
Taylor SwiftA Place in this World
44.2%
Taylor SwiftStay Beautiful
44.2%
Taylor SwiftThe Outside
43.8%
FearlessYour Not Sorry
43.3%
Taylor Swift (Deluxe Edition)Invisible
43.3%
Sounds Of The Season: The Taylor Swift Holiday CollectionLast Christmas
41.5%
(Unreleased)I Heart ?
39.2%
Sounds Of The Season: The Taylor Swift Holiday CollectionSanta Baby
37.3%
Sounds Of The Season: The Taylor Swift Holiday CollectionSilent Night
34.6%
Sounds Of The Season: The Taylor Swift Holiday CollectionWhite Christmas
31.8%
Sounds Of The Season: The Taylor Swift Holiday CollectionChristmases When You Were Mine
29.5%
Taylor SwiftMary's Song (Oh My My My)
28.1%
Sounds Of The Season: The Taylor Swift Holiday CollectionChristmas Must Be Something More
27.6%
(Unreleased)Permanent Marker
27.2%
(Unreleased)Beautiful Eyes
27.2%
Hope For Haiti Now compilationBreathless
27.2%
Fearless (Platinum Edition)Forever & Always (Piano Version)
24.9%
FearlessYou Belong to Me
23.5%
(Unreleased)Your Anything
20.7%
Speak Now (Target Deluxe Edition)Back to December (acoustic)
19.8%
Speak Now (Target Deluxe Edition)Haunted (acoustic)
19.4%
(Unreleased)Your Face
17.5%
(Unreleased)American Girl
16.1%
(Unreleased)American Boy
15.2%
Speak Now (Target Deluxe Edition)Mine (POP Mix)
13.4%
(Unreleased)What to Wear
9.2%
(Unreleased)Thug Story
7.4%
(Unreleased)Baby, Don't You Break my Heart Slow
4.6%
(Unreleased)We Were Happy
4.1%
Taylor Swift (Deluxe Edition)A Perfecly Good Heart
1.4%

You're not logged in!

Compare scores with friends on all Sporcle quizzes.
Join for Free
OR
Log In

You Might Also Like...

Show Comments

Extras

Created Oct 30, 2010ReportNominate
Tags:Taylor Swift Quiz

Top Quizzes Today


Score Distribution

Your Account Isn't Verified!

In order to create a playlist on Sporcle, you need to verify the email address you used during registration. Go to your Sporcle Settings to finish the process.

Report this User

Report this user for behavior that violates our Community Guidelines.

Details: